Törékeny államok a nemzetközi fejlesztési együttműködésben
Elmentve itt :
| Szerző: | |
|---|---|
| Dokumentumtípus: | Könyv része |
| Megjelent: |
2016
|
| Sorozat: | Móra Akadémia
3 Móra Akadémia : szakkollégiumi tanulmánykötet 3. 3 |
| Kulcsszavak: | Fejlesztési együttműködés, Gazdasági fejlesztési stratégiák, Segélyezések és támogatások |
| Online Access: | http://acta.bibl.u-szeged.hu/47751 |
| LEADER | 00774naa a2200193 i 4500 | ||
|---|---|---|---|
| 001 | acta47751 | ||
| 005 | 20260224081030.0 | ||
| 008 | 170620s2016 hu o 000 hun d | ||
| 022 | |a 2064-809X | ||
| 040 | |a SZTE Egyetemi Kiadványok Repozitórium |b hun | ||
| 041 | |a hun | ||
| 100 | 1 | |a Pontet Julianna | |
| 245 | 1 | 0 | |a Törékeny államok a nemzetközi fejlesztési együttműködésben |h [elektronikus dokumentum] / |c Pontet Julianna |
| 260 | |c 2016 | ||
| 300 | |a 58-77 | ||
| 490 | 0 | |a Móra Akadémia |v 3 | |
| 490 | 0 | |a Móra Akadémia : szakkollégiumi tanulmánykötet 3. |v 3 | |
| 695 | |a Fejlesztési együttműködés, Gazdasági fejlesztési stratégiák, Segélyezések és támogatások | ||
| 856 | 4 | 0 | |u http://acta.bibl.u-szeged.hu/47751/1/moraakademia_003_058-077.pdf |z Dokumentum-elérés |